Welcome to the Holygrace Academy Library

Please use search bar below to get started

ONCE A WEEK COMPREHENSION (Record no. 3809)

MARC details
000 -LEADER
fixed length control field 00297nam a22001337a 4500
020 ## - INTERNATIONAL STANDARD BOOK NUMBER
ISBN 0-435-99913-3
082 ## - DEWEY DECIMAL CLASSIFICATION NUMBER
Classification number 425
Item number PER/O
100 ## - MAIN ENTRY--AUTHOR NAME
Personal name PERRY,HAYDN
245 ## - TITLE STATEMENT
Title ONCE A WEEK COMPREHENSION
260 ## - PUBLICATION, DISTRIBUTION, ETC. (IMPRINT)
Place of publication CHENNAI
Name of publisher GINN & COMPANY
300 ## - PHYSICAL DESCRIPTION
Number of Pages 63
650 ## - SUBJECT ADDED ENTRY--TOPICAL TERM
Topical Term COMPREHENSION
Geographic subdivision CHENNAI
942 ## - ADDED ENTRY ELEMENTS (KOHA)
Koha item type Books
Holdings
Withdrawn status Lost status Collection code Home library Current library Shelving location Date acquired Source of acquisition Full call number Accession Number Koha item type
    Reference Main Library Main Library SHELF-16C -ENGLISH GRAMMAR SYNONYMS7ANTONYMS,LETTERS, ETC 07/06/2041 PURCHASE 425 PER/O 07478 Books